<?xml version="1.0" encoding="UTF-8"?>
<record
    xmlns:xsi="http://www.w3.org/2001/XMLSchema-instance"
    xsi:schemaLocation="http://www.loc.gov/MARC21/slim http://www.loc.gov/standards/marcxml/schema/MARC21slim.xsd"
    xmlns="http://www.loc.gov/MARC21/slim">

  <leader>00778nam a22001577a 4500</leader>
  <controlfield tag="003">OSt</controlfield>
  <controlfield tag="005">20151003145932.0</controlfield>
  <controlfield tag="008">151003b        xxu||||| |||| 00| 0 eng d</controlfield>
  <datafield tag="040" ind1=" " ind2=" ">
    <subfield code="c">RUA</subfield>
  </datafield>
  <datafield tag="082" ind1=" " ind2=" ">
    <subfield code="a">AVM SEN 1999 B071 Or.1</subfield>
  </datafield>
  <datafield tag="100" ind1=" " ind2=" ">
    <subfield code="9">1913</subfield>
    <subfield code="a">SENG, SOKERYA.</subfield>
  </datafield>
  <datafield tag="245" ind1=" " ind2=" ">
    <subfield code="a">Effect of supplementation of earthworm (eisenia foetida), soybean on the basal diet of broken rice and duckweed for growing local duck, &#x1794;&#x17D2;&#x179A;&#x179F;&#x17B7;&#x1791;&#x17D2;&#x1792;&#x1797;&#x17B6;&#x1796;&#x1793;&#x17C3;&#x1780;&#x17B6;&#x179A;&#x1794;&#x1793;&#x17D2;&#x1790;&#x17C2;&#x1798;&#x1787;&#x1793;&#x17D2;&#x179B;&#x17C1;&#x1793; &#x1793;&#x17B7;&#x1784;&#x179F;&#x178E;&#x17D2;&#x178A;&#x17C2;&#x1780;&#x179F;&#x17C0;&#x1784;&#x1791;&#x17C5;&#x179B;&#x17BE;&#x17A2;&#x17B6;&#x17A0;&#x17B6;&#x179A;&#x1782;&#x17D2;&#x179A;&#x17B9;&#x17C7;&#x1785;&#x17BB;&#x1784;&#x17A2;&#x1784;&#x17D2;&#x1780;&#x179A; &#x1793;&#x17B7;&#x1784;&#x1785;&#x1780;&#x1794;&#x17B6;&#x1799;&#x1791;&#x17B6;&#x179F;&#x17C6;&#x179A;&#x17B6;&#x1794;&#x17CB;&#x1780;&#x17BC;&#x1793;&#x1791;&#x17B6;&#x1780;&#x17D2;&#x1793;&#x17BB;&#x1784;&#x179F;&#x17D2;&#x179A;&#x17BB;&#x1780;</subfield>
  </datafield>
  <datafield tag="260" ind1=" " ind2=" ">
    <subfield code="a">Phnom Penh</subfield>
    <subfield code="b">RUA</subfield>
    <subfield code="c">1999</subfield>
  </datafield>
  <datafield tag="300" ind1=" " ind2=" ">
    <subfield code="a">31p.</subfield>
    <subfield code="b">ill.</subfield>
    <subfield code="c">29cm.</subfield>
  </datafield>
  <datafield tag="942" ind1=" " ind2=" ">
    <subfield code="2">ddc</subfield>
    <subfield code="c">AVM</subfield>
  </datafield>
  <datafield tag="999" ind1=" " ind2=" ">
    <subfield code="c">1808</subfield>
    <subfield code="d">1808</subfield>
  </datafield>
  <datafield tag="952" ind1=" " ind2=" ">
    <subfield code="0">0</subfield>
    <subfield code="1">0</subfield>
    <subfield code="2">ddc</subfield>
    <subfield code="4">0</subfield>
    <subfield code="6">AVM_SEN_1999_000000000000000_B071_OR_1</subfield>
    <subfield code="7">0</subfield>
    <subfield code="9">7668</subfield>
    <subfield code="a">LBB</subfield>
    <subfield code="b">LBB</subfield>
    <subfield code="c">B071</subfield>
    <subfield code="d">2015-10-03</subfield>
    <subfield code="o">AVM SEN 1999 B071 Or.1</subfield>
    <subfield code="p">RUA009072</subfield>
    <subfield code="r">2015-10-03</subfield>
    <subfield code="w">2015-10-03</subfield>
    <subfield code="y">AVM</subfield>
  </datafield>
  <datafield tag="952" ind1=" " ind2=" ">
    <subfield code="0">0</subfield>
    <subfield code="1">0</subfield>
    <subfield code="2">ddc</subfield>
    <subfield code="4">0</subfield>
    <subfield code="6">AVM_SEN_1999_000000000000000_B071_OR_2</subfield>
    <subfield code="7">0</subfield>
    <subfield code="9">7669</subfield>
    <subfield code="a">LBB</subfield>
    <subfield code="b">LBB</subfield>
    <subfield code="c">B071</subfield>
    <subfield code="d">2015-10-03</subfield>
    <subfield code="o">AVM SEN 1999 B071 Or.2</subfield>
    <subfield code="p">RUA015288</subfield>
    <subfield code="r">2015-10-03</subfield>
    <subfield code="w">2015-10-03</subfield>
    <subfield code="y">AVM</subfield>
  </datafield>
  <datafield tag="952" ind1=" " ind2=" ">
    <subfield code="0">0</subfield>
    <subfield code="1">0</subfield>
    <subfield code="2">ddc</subfield>
    <subfield code="4">0</subfield>
    <subfield code="6">AVM_SEN_1999_000000000000000_B071_OR_3</subfield>
    <subfield code="7">0</subfield>
    <subfield code="9">7670</subfield>
    <subfield code="a">LBB</subfield>
    <subfield code="b">LBB</subfield>
    <subfield code="c">B071</subfield>
    <subfield code="d">2015-10-03</subfield>
    <subfield code="l">1</subfield>
    <subfield code="o">AVM SEN 1999 B071 Or.3</subfield>
    <subfield code="p">RUA015216</subfield>
    <subfield code="r">2016-06-14</subfield>
    <subfield code="s">2016-06-06</subfield>
    <subfield code="w">2015-10-03</subfield>
    <subfield code="y">AVM</subfield>
  </datafield>
  <datafield tag="952" ind1=" " ind2=" ">
    <subfield code="0">0</subfield>
    <subfield code="1">0</subfield>
    <subfield code="2">ddc</subfield>
    <subfield code="4">0</subfield>
    <subfield code="6">AVM_SEN_1999_000000000000000_B071_OR_4</subfield>
    <subfield code="7">0</subfield>
    <subfield code="9">7671</subfield>
    <subfield code="a">LBB</subfield>
    <subfield code="b">LBB</subfield>
    <subfield code="c">B071</subfield>
    <subfield code="d">2015-10-03</subfield>
    <subfield code="o">AVM SEN 1999 B071 Or.4</subfield>
    <subfield code="p">RUA009071</subfield>
    <subfield code="r">2015-10-03</subfield>
    <subfield code="w">2015-10-03</subfield>
    <subfield code="y">AVM</subfield>
  </datafield>
  <datafield tag="952" ind1=" " ind2=" ">
    <subfield code="0">0</subfield>
    <subfield code="1">0</subfield>
    <subfield code="2">ddc</subfield>
    <subfield code="4">0</subfield>
    <subfield code="6">AVM_SEN_1999_000000000000000_B071_OR_5</subfield>
    <subfield code="7">0</subfield>
    <subfield code="9">7672</subfield>
    <subfield code="a">LBB</subfield>
    <subfield code="b">LBB</subfield>
    <subfield code="c">B071</subfield>
    <subfield code="d">2015-10-03</subfield>
    <subfield code="l">1</subfield>
    <subfield code="o">AVM SEN 1999 B071 Or.5</subfield>
    <subfield code="p">RUA020110</subfield>
    <subfield code="r">2016-07-04</subfield>
    <subfield code="s">2016-06-16</subfield>
    <subfield code="w">2015-10-03</subfield>
    <subfield code="y">AVM</subfield>
  </datafield>
  <datafield tag="952" ind1=" " ind2=" ">
    <subfield code="0">0</subfield>
    <subfield code="1">0</subfield>
    <subfield code="2">ddc</subfield>
    <subfield code="4">0</subfield>
    <subfield code="6">AVM_SEN_1999_000000000000000_B071_OR_6</subfield>
    <subfield code="7">0</subfield>
    <subfield code="9">7673</subfield>
    <subfield code="a">LBB</subfield>
    <subfield code="b">LBB</subfield>
    <subfield code="c">B071</subfield>
    <subfield code="d">2015-10-03</subfield>
    <subfield code="o">AVM SEN 1999 B071 Or.6</subfield>
    <subfield code="p">RUA009139</subfield>
    <subfield code="r">2015-10-03</subfield>
    <subfield code="w">2015-10-03</subfield>
    <subfield code="y">AVM</subfield>
  </datafield>
</record>
